• 首页
  • 本馆介绍
  • 公告通知
  • 最新文献
  • 馆藏检索
  • 电子资源
  • 读者导购
  • 参考咨询
  • 我的图书馆
  • 登录
  • 详细信息显示
  • 放入我的书架
  • 预约/预借图书
  • 作者相关作品
  • 分类相关作品
  • 丛书相关作品
  • 出版社相关作品

书目信息

  • 表格格式
  • 工作单格式
  • 卡片格式
题名:
线性代数解题方法
    
 
作者: 刘金山 , 吴明芬 编著
分册:  
出版信息: 广州   华南理工大学出版社  2000.6
页数: 301页
开本: 20cm
丛书名:
单 册:
中图分类: O151.2-44
科图分类:
主题词: 线性代数--解题
电子资源:
ISBN: 7-5623-1532-9
000 00619nam0 2200205 45
001 0112300896
005 20031219104052.4
010    @a7-5623-1532-9@dCNY14.00
100    @a20011230d2000 km y0chiy0120 ea
101 0  @achi
105    @a z 000yy
200 1  @a线性代数解题方法@AXian Xing Dai Shu Jie Ti Fang Fa@f刘金山,吴明芬编著@FLiu Jin Shan,Wu Ming Fen Bian Zhu
210    @a广州@c华南理工大学出版社@d2000.6
215    @a301页@d20cm
606 0  @a线性代数@x解题
690    @aO151.2-44@v4
701  0 @a刘金山@4编著
701  0 @a吴明芬@4编著
801    @aCN@bTSTC@c20011230
905    @b303023-032@dO151.2-44@e129@f10
    
    线性代数解题方法/刘金山,吴明芬编著.-广州:华南理工大学出版社,2000.6
    301页;20cm
    
    
    ISBN 7-5623-1532-9:CNY14.00
    
●
相关链接 在E读中查询图书 在五车中查询图书 在当当中查询图书 在豆瓣中查询图书


正题名:线性代数解题方法     索取号:O151.2-44/129         预约/预借

序号 登录号 条形码 馆藏地/架位号 状态 备注
1 0303023   203030237   第三借阅区/ [索取号:O151.2-44/129] 在馆    
2 0303024   203030246   第三借阅区/ [索取号:O151.2-44/129] 在馆    
3 0303025   203030255   第三借阅区/ [索取号:O151.2-44/129] 在馆    
4 0303026   203030264   第三借阅区/ [索取号:O151.2-44/129] 在馆    
5 0303027   203030273   第三借阅区/ [索取号:O151.2-44/129] 在馆    
6 0303028   203030282   第三借阅区/ [索取号:O151.2-44/129] 在馆    
7 0303029   203030291   第三借阅区/ [索取号:O151.2-44/129] 在馆    
8 0303030   203030308   第三借阅区/ [索取号:O151.2-44/129] 在馆    
9 0303031   203030317   第三借阅区/ [索取号:O151.2-44/129] 在馆    
10 0303032   203030326   第二样本阅览室/ [索取号:O151.2-44/129] 在馆    
唐山师范学院图书馆 欢迎您!
大连网信软件有限公司© 版权所有